00334pab a2200109 454500008004000000100002400040245009300064260000900157300001100166650002800177773001900205180718b1988 xxu||||| |||| 00| 0 eng d aBiering, Stephen G. aForign policy in the reagon erabActors, system structures, dicisions - making processes c1988 a336-47 aU.S.A. - Foreign Policy aAussen Politik